000 00370nam a2200133Ia 4500
008 260604s9999 xx 000 0 und d
020 _a9781648899492
082 _a332.4 AN
100 _aAN [DUONG HOAI]
_935561
245 0 _aBLOCKCHAIN APPLICATIONS IN AGRICULTURE: REVOLUTIONIZING THE FOOD SUPPLY CHIAN
260 _bVERNON PRESS
500 _aBlock Chain
942 _cBK
999 _c8384
_d8384